[Event "SC HP Boeblingen-SF Pfullingen"]
[Site "?"]
[Date "2002.11.10"]
[Round "2.5"]
[White "Naegele, Thomas"]
[Black "Frolik, Erhard"]
[Result "1/2-1/2"]
[WhiteElo "2165"]
[BlackElo "2179"]
[PlyCount "126"]
[EventDate "2002.??.??"]

1. e4 c5 2. Nf3 e6 3. d4 cxd4 4. Nxd4 Nc6 5. Nc3 Qc7 6. g3 a6 7. Bg2 Nf6 8. O-O
Bc5 9. Nb3 Ba7 10. Qe2 Ne5 11. Be3 Bxe3 12. Qxe3 d6 13. Rad1 O-O 14. Rd4 Nc4
15. Qc1 e5 16. Rd3 b5 17. a3 Bb7 18. Nd2 Rfd8 19. Rd1 Rac8 20. Nf1 Qb6 21. Ne3
Nxe3 22. Qxe3 Qxe3 23. Rxe3 Kf8 24. Red3 Ke7 25. R1d2 Rc4 26. f3 Ne8 27. Bh3 g6
28. Kf2 Rb8 29. Ke3 Ba8 30. Nd5+ Bxd5 31. Rxd5 Rb6 32. Ke2 Rbc6 33. Kd1 Nc7 34.
R5d3 a5 35. Rb3 Rb6 36. Bf1 Rcc6 37. Bh3 b4 38. axb4 axb4 39. c3 bxc3 40. Rxc3
Rxc3 41. bxc3 Rb1+ 42. Kc2 Ra1 43. Bc8 Ra5 44. Kd3 Kd8 45. Bh3 Na6 46. Ke3 Ke7
47. Bf1 Nc5 48. Bc4 Ra3 49. Rc2 f5 50. Bd5 Kf6 51. Rc1 h5 52. Rc2 Ra1 53. Rd2
Rc1 54. c4 Rh1 55. Ra2 fxe4 56. fxe4 Kg5 57. Rf2 Re1+ 58. Kd2 Rg1 59. Rf8 Rg2+
60. Ke3 Rxh2 61. Rd8 Rh3 62. Kf2 h4 63. gxh4+ Rxh4 1/2-1/2

[Event "SC HP Boeblingen-SF Pfullingen"]
[Site "?"]
[Date "2002.11.10"]
[Round "2.6"]
[White "Remmler, Hans Peter"]
[Black "Altenhof, Martin"]
[Result "0-1"]
[WhiteElo "2158"]
[BlackElo "2199"]
[PlyCount "148"]
[EventDate "2002.??.??"]

1. e4 d6 2. d4 Nf6 3. Nc3 g6 4. Nf3 Bg7 5. Be2 c5 6. dxc5 Qa5 7. O-O Qxc5 8.
Be3 Qa5 9. Nd2 Nc6 10. Nc4 Qd8 11. Qd2 O-O 12. Rad1 Be6 13. f3 Qc8 14. Nd5 Re8
15. Bg5 Bxd5 16. exd5 Nb8 17. Kh1 Nbd7 18. Rfe1 Qc7 19. Bf1 Nb6 20. Ne3 a6 21.
c4 Nbd7 22. Rc1 a5 23. b3 h6 24. Bh4 Kf8 25. Nc2 Ng8 26. Nd4 Bxd4 27. Qxd4 Qc5
28. Qb2 Ngf6 29. Bf2 Qc7 30. Bd4 b6 31. h4 h5 32. Bd3 Kg7 33. Re2 e5 34. dxe6
fxe6 35. Rce1 e5 36. Bc3 Nc5 37. Bb1 Ne6 38. Qc2 Qf7 39. Rd2 Red8 40. Red1 Ne8
41. Qe4 Kh7 42. Qe3 Rab8 43. Be4 Qf6 44. g3 N6g7 45. Qg5 Qxg5 46. hxg5 Ne6 47.
Rh2 N8g7 48. g4 Kg8 49. Bxg6 hxg4 50. Bh7+ Kf8 51. fxg4 Nxg5 52. Bd2 N5e6 53.
Be3 Ke7 54. Bf5 Rh8 55. Bxe6 Rxh2+ 56. Kxh2 Nxe6 57. Kg3 b5 58. cxb5 Rxb5 59.
Kf2 Rb4 60. g5 a4 61. Bd2 Rd4 62. Ke2 axb3 63. axb3 Nc5 64. b4 Ne4 65. b5 Nxd2
66. Rxd2 Rb4 67. Ke3 Rxb5 68. Rf2 Rb8 69. Ke4 Rf8 70. Rh2 Rf4+ 71. Kd5 Rd4+ 72.
Kc6 Ke6 73. Rh6+ Kf5 74. g6 Kf6 0-1

[Event "SC HP Boeblingen-SF Pfullingen"]
[Site "?"]
[Date "2002.11.10"]
[Round "2.7"]
[White "Einwiller, Dieter"]
[Black "Glueck, Gunther"]
[Result "1/2-1/2"]
[WhiteElo "2103"]
[BlackElo "2150"]
[PlyCount "147"]
[EventDate "2002.??.??"]

1. c4 e5 2. Nc3 Nc6 3. g3 g6 4. Bg2 Bg7 5. e4 d6 6. Nge2 Nge7 7. d3 O-O 8. O-O
f5 9. f4 Nd4 10. Nxd4 exd4 11. Nd5 c6 12. Nxe7+ Qxe7 13. Re1 fxe4 14. Bxe4 Qf7
15. Bd2 Be6 16. Bb4 Qd7 17. h4 Rfe8 18. Qd2 d5 19. cxd5 Bxd5 20. b3 b6 21. Rad1
Rad8 22. Kh2 c5 23. Ba3 a5 24. Re2 Bxe4 25. Rxe4 Rxe4 26. dxe4 Qb5 27. e5 Re8
28. Qc2 Qd7 29. Qc4+ Kh8 30. Re1 Qc6 31. Qd3 Kg8 32. Rc1 Qd5 33. Qb5 Qe6 34.
Kg2 Rf8 35. Qc4 Kf7 36. Kf3 Rd8 37. Ke4 Ke7 38. Qxe6+ Kxe6 39. h5 d3 40. Bb2 b5
41. hxg6 hxg6 42. Bc3 b4 43. Bb2 d2 44. Rd1 Bh6 45. g4 a4 46. Ke3 a3 47. Ba1
Rd5 48. g5 Bf8 49. Rxd2 Rxd2 50. Kxd2 Kd5 51. Kd3 Ke6 52. Kc4 Be7 53. Kb5 Kf5
54. e6 Kxe6 55. Kc6 Bd6 56. Bf6 c4 57. bxc4 Bxf4 58. c5 b3 59. axb3 Be5 60. Kb7
a2 61. Bxe5 Kxe5 62. c6 a1=Q 63. c7 Qc3 64. c8=Q Qxb3+ 65. Ka8 Qa4+ 66. Kb8
Qb5+ 67. Ka8 Qd5+ 68. Kb8 Qb5+ 69. Ka8 Qa4+ 70. Kb8 Qb3+ 71. Ka8 Qa3+ 72. Kb8
Kf4 73. Qc7+ Kxg5 74. Qe5+ 1/2-1/2

[Event "SC HP Boeblingen-SF Pfullingen"]
[Site "?"]
[Date "2002.11.10"]
[Round "2.8"]
[White "Werner, Bernd Michael"]
[Black "Nagelsdiek, Michael"]
[Result "1-0"]
[WhiteElo "2110"]
[BlackElo "2023"]
[PlyCount "131"]
[EventDate "2002.??.??"]

1. e4 d5 2. exd5 Qxd5 3. Nc3 Qa5 4. d4 c6 5. Bc4 Nf6 6. Nf3 Bf5 7. Ne5 e6 8. g4
Be4 9. O-O Bd5 10. Bd3 Nfd7 11. f4 Bb4 12. Ne2 b5 13. c3 Bd6 14. b3 c5 15. Be3
cxd4 16. cxd4 f6 17. Nf3 Nc6 18. Qb1 g6 19. Ng3 f5 20. Ne5 Bb4 21. Qc2 Rc8 22.
Rac1 Nf6 23. Qe2 a6 24. Rc2 O-O 25. g5 Nxe5 26. dxe5 Nd7 27. Rfc1 Bb7 28. h4
Rxc2 29. Rxc2 Rc8 30. h5 Qd8 31. hxg6 hxg6 32. a4 Rxc2 33. Qxc2 bxa4 34. bxa4
Nb6 35. Qb3 Qd5 36. Qxd5 Nxd5 37. Kf2 Nc3 38. Bc2 Bc6 39. Bd2 Bc5+ 40. Be3
Bxe3+ 41. Kxe3 Bxa4 42. Kd2 Bxc2 43. Kxc3 Ba4 44. Ne2 Kf7 45. Kb4 Bb5 46. Nd4
Bf1 47. Nc6 Ke8 48. Kc5 Kd7 49. Kb6 Bg2 50. Nb8+ Ke7 51. Nxa6 Bd5 52. Kc7 Be4
53. Nb8 Bd5 54. Nc6+ Ke8 55. Na7 Ke7 56. Nc8+ Ke8 57. Kd6 Ba2 58. Ne7 Kf7 59.
Nc6 Ke8 60. Nd4 Kf7 61. Kd7 Bc4 62. Nc6 Bb5 63. Kd6 Ke8 64. Nd4 Bc4 65. Nxe6
Ba2 66. Nc7+ 1-0

[Event "SC Lindenberg-Stuttgarter SF II"]
[Site "?"]
[Date "2002.11.10"]
[Round "2.1"]
[White "Meier, Annemarie"]
[Black "Atlas, Valery"]
[Result "1/2-1/2"]
[WhiteElo "2260"]
[BlackElo "2460"]
[PlyCount "99"]
[EventDate "2002.??.??"]

1. e4 c5 2. f4 e6 3. Qe2 a6 4. a4 b6 5. g3 Bb7 6. Bg2 Nc6 7. Nf3 d6 8. O-O Qc7
9. d3 O-O-O 10. Be3 Nf6 11. h3 h6 12. Nbd2 d5 13. e5 Nh5 14. Bf2 g5 15. Ne1 Ng7
16. c3 gxf4 17. gxf4 Nf5 18. Nef3 Be7 19. d4 Rhg8 20. Kh2 Rg6 21. h4 Rdg8 22.
Bh3 Qd8 23. h5 R6g7 24. Rg1 Kb8 25. b3 cxd4 26. Rxg7 Rxg7 27. cxd4 Nb4 28. Nf1
a5 29. Bxf5 Ba6 30. Qe3 exf5 31. Rd1 Bxf1 32. Rxf1 Qg8 33. Ne1 Rg4 34. Qf3 Qc8
35. Rg1 Rxg1 36. Kxg1 Qc1 37. Kh2 Qd2 38. Kg3 Ka7 39. Qe3 Qxe3+ 40. Bxe3 Kb7
41. Bd2 Nc6 42. Nc2 Kc8 43. Ne3 Nxd4 44. Nxd5 Bc5 45. Be3 Nxb3 46. Nxb6+ Kc7
47. Bxc5 Nxc5 48. Nc4 Nxa4 49. Nxa5 Nc5 50. Nc4 1/2-1/2

[Event "SC Lindenberg-Stuttgarter SF II"]
[Site "?"]
[Date "2002.11.10"]
[Round "2.2"]
[White "Gaertner, Guntram"]
[Black "Migl, Dieter"]
[Result "1-0"]
[WhiteElo "2312"]
[BlackElo "2208"]
[PlyCount "79"]
[EventDate "2002.??.??"]

1. d4 d5 2. c4 c6 3. cxd5 cxd5 4. Nf3 Nc6 5. Nc3 Nf6 6. Bf4 e6 7. e3 Nh5 8. Bg5
Qb6 9. a3 h6 10. Bh4 g5 11. Bg3 Nxg3 12. hxg3 Bg7 13. Na4 Qd8 14. Nc5 e5 15.
Qa4 exd4 16. Bb5 O-O 17. Bxc6 dxe3 18. Bb5 Qb6 19. Qb4 a5 20. Na4 Qf6 21. Qc3
d4 22. Qc2 Bf5 23. Qe2 exf2+ 24. Qxf2 Qe6+ 25. Qe2 Qd6 26. O-O d3 27. Qd2 Qd5
28. Nc3 Bxc3 29. bxc3 Bg6 30. Nd4 Rac8 31. Bxd3 f5 32. g4 Qc5 33. Bxf5 Bxf5 34.
gxf5 Qxc3 35. Qxc3 Rxc3 36. a4 Rc4 37. Nb5 Rf6 38. Ra3 g4 39. Nc3 Rc5 40. Ne4
1-0

[Event "SC Lindenberg-Stuttgarter SF II"]
[Site "?"]
[Date "2002.11.10"]
[Round "2.3"]
[White "Schmid, Hartmut"]
[Black "Grabher, Heinz"]
[Result "0-1"]
[WhiteElo "2171"]
[BlackElo "2264"]
[PlyCount "122"]
[EventDate "2002.??.??"]

1. e4 e5 2. Nf3 Nc6 3. d4 exd4 4. Nxd4 Nf6 5. Nxc6 bxc6 6. Bd3 d5 7. e5 Ng4 8.
O-O Qh4 9. Bf4 Bc5 10. Bg3 Qe7 11. c3 O-O 12. Nd2 f6 13. exf6 Qxf6 14. Nf3 Bd6
15. Qd2 c5 16. Rae1 Bd7 17. Ng5 Bf5 18. Bb5 d4 19. Nf3 Bxg3 20. fxg3 Rad8 21.
cxd4 cxd4 22. Nh4 g6 23. Bd3 Ne3 24. Nxf5 gxf5 25. Rf3 Qd6 26. b4 Rd7 27. Rc1
f4 28. Be4 Re7 29. Rc6 Qe5 30. Bd3 Rg7 31. Rc5 Qd6 32. Qf2 fxg3 33. Rxf8+ Qxf8
34. Qxf8+ Kxf8 35. hxg3 Rxg3 36. Rxc7 Rxg2+ 37. Kh1 Rg7 38. Rc8+ Ke7 39. Rh8
Nd5 40. a3 Nf6 41. Kh2 Ng4+ 42. Kg3 Ne5+ 43. Kf4 Nxd3+ 44. Ke4 Ne1 45. Kxd4
Nc2+ 46. Kc5 Nxa3 47. Ra8 Kf6 48. Rf8+ Rf7 49. Rg8 Nc2 50. b5 Rc7+ 51. Kd6 Rb7
52. Rf8+ Kg7 53. Rf2 Nd4 54. Rg2+ Kh8 55. Ke5 Nxb5 56. Kf6 Nc3 57. Rc2 Nd5+ 58.
Ke6 Ne3 59. Rc3 Re7+ 60. Kd6 Nf5+ 61. Kd5 Kg7 0-1

[Event "SC Lindenberg-Stuttgarter SF II"]
[Site "?"]
[Date "2002.11.10"]
[Round "2.4"]
[White "Schmidlechner, Alexander"]
[Black "Gabriel, Robert"]
[Result "1-0"]
[WhiteElo "2230"]
[BlackElo "2153"]
[PlyCount "115"]
[EventDate "2002.??.??"]

1. d4 d5 2. c4 e6 3. Nc3 c5 4. cxd5 exd5 5. Nf3 Nc6 6. g3 c4 7. Bg2 Bb4 8. O-O
Nge7 9. e4 O-O 10. Nxd5 Nxd5 11. exd5 Qxd5 12. a3 Ba5 13. Ne5 Qb5 14. a4 Qa6
15. Nxc6 bxc6 16. Qf3 Rb8 17. Qxc6 c3 18. bxc3 Qxc6 19. Bxc6 Bxc3 20. Bf4 Rb6
21. d5 Bxa1 22. Rxa1 Bh3 23. Be3 Ra6 24. Bb5 Rd6 25. Bc6 Rfd8 26. Bxa7 Be6 27.
Bb6 Bxd5 28. Bxd8 Bxc6 29. Bc7 Rd4 30. a5 Bf3 31. a6 Rd1+ 32. Rxd1 Bxd1 33. Kg2
Ba4 34. Kf3 Kf8 35. Ke4 Bc6+ 36. Ke5 Ke7 37. Bd6+ Kd7 38. Bf8 g6 39. Kf6 Bd5
40. Bh6 Kc6 41. Kg7 Kb6 42. Kxh7 Kxa6 43. Kg7 Kb5 44. Kf6 Kc4 45. Be3 Kd3 46.
g4 Be6 47. Kg5 f5 48. Kf6 Bd7 49. g5 f4 50. Bxf4 Be8 51. h4 Ke2 52. Bg3 Kf3 53.
h5 gxh5 54. g6 Bb5 55. Kg5 Ke4 56. Kxh5 Kf5 57. Kh6 Bc4 58. Kh7 1-0

[Event "SC Lindenberg-Stuttgarter SF II"]
[Site "?"]
[Date "2002.11.10"]
[Round "2.5"]
[White "Haas, Wilhelm"]
[Black "Scheffknecht, Philipp"]
[Result "0-1"]
[WhiteElo "2113"]
[BlackElo "2129"]
[PlyCount "74"]
[EventDate "2002.??.??"]

1. d4 Nf6 2. Nf3 e6 3. Bf4 c5 4. e3 Be7 5. c3 b6 6. h3 Bb7 7. Nbd2 O-O 8. Bd3
d5 9. O-O Nbd7 10. Rc1 Rc8 11. Re1 Re8 12. Nf1 Nf8 13. Bb5 N6d7 14. Qe2 a6 15.
Bd3 b5 16. a3 f5 17. Bb1 Qb6 18. g4 g6 19. Kg2 a5 20. Ng3 b4 21. axb4 cxb4 22.
g5 bxc3 23. bxc3 Ba3 24. Rc2 Ba6 25. Qd2 Bc4 26. Ba2 Qa6 27. Ra1 Bd3 28. Bb1
Bxc2 29. Bxc2 Bb2 30. Bd3 Qb6 31. Rb1 Bxc3 32. Qe2 Bb4 33. h4 Rc3 34. h5 Rec8
35. Rh1 Rc1 36. Rh2 Bd6 37. hxg6 hxg6 0-1

[Event "SC Lindenberg-Stuttgarter SF II"]
[Site "?"]
[Date "2002.11.10"]
[Round "2.6"]
[White "Doskocil, Klaus"]
[Black "Fritsch, Rolf"]
[Result "1-0"]
[WhiteElo "2096"]
[BlackElo "2256"]
[PlyCount "58"]
[EventDate "2002.??.??"]

1. e4 g6 2. d4 Bg7 3. Nc3 d6 4. Be3 Nd7 5. Qd2 e6 6. O-O-O a6 7. f3 b6 8. h4 h6
9. h5 g5 10. f4 gxf4 11. Bxf4 Bb7 12. Nf3 Qe7 13. Bd3 O-O-O 14. Qe2 Nb8 15. g4
Nf6 16. Rhg1 Nfd7 17. Rdf1 c5 18. Qh2 e5 19. dxe5 Nxe5 20. Nxe5 dxe5 21. Be3 f6
22. Bc4 Rd6 23. Bd5 Nc6 24. Qf2 Nd4 25. Rd1 Kb8 26. Bxb7 Kxb7 27. Nd5 Qd8 28.
c3 Ne6 29. Qf5 Nc7 1-0

[Event "SC Lindenberg-Stuttgarter SF II"]
[Site "?"]
[Date "2002.11.10"]
[Round "2.7"]
[White "Gabriel, Josef"]
[Black "Ahner, Thomas"]
[Result "1-0"]
[WhiteElo "2080"]
[BlackElo "1956"]
[PlyCount "60"]
[EventDate "2002.??.??"]

1. c4 Nf6 2. Nc3 d6 3. d4 g6 4. e4 Bg7 5. Be2 Nbd7 6. g4 h5 7. g5 Nh7 8. Nf3 e5
9. d5 a5 10. Be3 Nhf8 11. Qa4 Ke7 12. O-O-O Nb6 13. Qc2 Bg4 14. Nh4 Nxc4 15.
Bxc4 Bxd1 16. Qxd1 Nd7 17. Na4 Nb8 18. Qb3 Qd7 19. h3 Qc8 20. Kb1 b6 21. Qc3
Rg8 22. Bb5 Nd7 23. Rc1 Nc5 24. Nxc5 bxc5 25. Bxc5 Rb8 26. a4 dxc5 27. Qxc5+
Kd8 28. d6 c6 29. Bxc6 Qa6 30. Bb5 Rxb5 1-0

[Event "SC Lindenberg-Stuttgarter SF II"]
[Site "?"]
[Date "2002.11.10"]
[Round "2.8"]
[White "Feistenauer, Harald"]
[Black "Gerstenberger, Heinz"]
[Result "1/2-1/2"]
[WhiteElo "1956"]
[BlackElo "2051"]
[PlyCount "45"]
[EventDate "2002.??.??"]

1. c4 b6 2. Nc3 Bb7 3. d4 e6 4. a3 d5 5. cxd5 exd5 6. Nf3 Bd6 7. g3 Nf6 8. Bg2
O-O 9. O-O Nbd7 10. b3 c6 11. Bb2 Re8 12. Re1 Ne4 13. Qc2 Rc8 14. Nxe4 dxe4 15.
Nd2 f5 16. Nc4 Bb8 17. Rad1 Nf6 18. b4 Nd5 19. Qb3 Qe7 20. f4 exf3 21. Bxf3 f4
22. Ne5 Bxe5 23. dxe5 1/2-1/2

[Event "SV Marbach-VfL Sindelfingen"]
[Site "?"]
[Date "2002.11.10"]
[Round "2.2"]
[White "Eisele, Steffen"]
[Black "Igney, Volkhard"]
[Result "1-0"]
[WhiteElo "2208"]
[BlackElo "2193"]
[PlyCount "67"]
[EventDate "2002.??.??"]

1. e4 c6 2. d4 d5 3. e5 Bf5 4. Nf3 e6 5. Be2 c5 6. O-O Nc6 7. Nbd2 cxd4 8. Nb3
Nge7 9. Nbxd4 Bg4 10. Re1 Ng6 11. Nxc6 bxc6 12. h3 Bxf3 13. Bxf3 Bc5 14. c3 O-O
15. b4 Bb6 16. Bb2 Bc7 17. c4 Qb8 18. cxd5 cxd5 19. Qd4 a5 20. bxa5 Rxa5 21. a4
Bb6 22. Qd2 Rc8 23. Rec1 Rxc1+ 24. Qxc1 Rc5 25. Qb1 Bc7 26. Ba3 Rc6 27. Qxb8+
Bxb8 28. Bd6 Bxd6 29. exd6 Rxd6 30. a5 Ra6 31. Be2 Ra7 32. a6 Ne7 33. Rb1 Kf8
34. Rb8+ 1-0

[Event "SV Marbach-VfL Sindelfingen"]
[Site "?"]
[Date "2002.11.10"]
[Round "2.3"]
[White "Carstens, Andreas"]
[Black "Lach, Bernhard"]
[Result "1/2-1/2"]
[WhiteElo "2167"]
[BlackElo "2180"]
[PlyCount "44"]
[EventDate "2002.??.??"]

1. e4 e5 2. Nf3 Nc6 3. d4 exd4 4. Nxd4 Bb4+ 5. c3 Bc5 6. Be3 Bb6 7. Bc4 Ne5 8.
Be2 Ne7 9. f4 N5c6 10. Nxc6 bxc6 11. Bxb6 axb6 12. O-O O-O 13. Na3 d5 14. e5 f6
15. exf6 Rxf6 16. Nc2 Qd6 17. g3 Bf5 18. Nd4 c5 19. Nxf5 Nxf5 20. Qd2 d4 21.
Bf3 Rd8 22. Rae1 dxc3 1/2-1/2

[Event "SV Marbach-VfL Sindelfingen"]
[Site "?"]
[Date "2002.11.10"]
[Round "2.4"]
[White "Klaric, Zoran"]
[Black "Fahnenschmidt, Gerhard"]
[Result "1-0"]
[WhiteElo "2014"]
[BlackElo "2101"]
[PlyCount "143"]
[EventDate "2002.??.??"]

1. d4 Nf6 2. Nf3 c5 3. c3 b6 4. Bf4 Bb7 5. e3 g6 6. Nbd2 Bg7 7. Bd3 O-O 8. h3
cxd4 9. exd4 Nc6 10. O-O d6 11. Qe2 Re8 12. Ba6 Bxa6 13. Qxa6 e5 14. Be3 e4 15.
Ne1 Nd5 16. Nc2 Qd7 17. Rae1 Kh8 18. f3 Nxe3 19. Nxe3 d5 20. Qb5 Rad8 21. f4 f5
22. Nb3 Bh6 23. h4 Qd6 24. g3 Bg7 25. Rf2 Ne7 26. a4 h6 27. Qe2 Rf8 28. Ra1 Kg8
29. a5 g5 30. hxg5 hxg5 31. axb6 axb6 32. Ra7 gxf4 33. gxf4 Rf6 34. Rg2 Rg6 35.
Rxg6 Qxg6+ 36. Qg2 Qxg2+ 37. Kxg2 Kf8 38. Rb7 Rd6 39. Kf2 Rg6 40. Rb8+ Kf7 41.
Rd8 Ke6 42. Nc1 Bf6 43. Ne2 Bh4+ 44. Kf1 Rg8 45. Rxg8 Nxg8 46. Ng2 Bd8 47. Ng3
Nh6 48. Ne3 Bc7 49. Nh5 Bd8 50. Ke2 Bh4 51. Ng7+ Kd7 52. Ngxf5 Nxf5 53. Nxf5
Bd8 54. Ne3 Ke6 55. f5+ Kf6 56. Nxd5+ Kxf5 57. c4 Ke6 58. Ke3 Kf5 59. b4 Bg5+
60. Ke2 Bd8 61. b5 Ke6 62. Kf2 Kf5 63. Kg3 e3 64. Kf3 e2 65. Ne3+ Kg5 66. Kxe2
Kf4 67. Kd3 Kf3 68. Nd5 Kf2 69. c5 bxc5 70. dxc5 Kf3 71. b6 Kg4 72. b7 1-0

[Event "SV Marbach-VfL Sindelfingen"]
[Site "?"]
[Date "2002.11.10"]
[Round "2.5"]
[White "Kotlyar, Dimitri"]
[Black "Meschke, Andreas"]
[Result "1/2-1/2"]
[WhiteElo "2090"]
[BlackElo "2136"]
[PlyCount "101"]
[EventDate "2002.??.??"]

1. e4 e5 2. Nf3 Nc6 3. d4 exd4 4. Nxd4 Bc5 5. Be3 Qf6 6. c3 Nge7 7. Bc4 Ne5 8.
Be2 Qg6 9. O-O O-O 10. Nd2 d5 11. Bh5 Qd6 12. f4 N5c6 13. e5 Qh6 14. Qe2 Bxd4
15. Bxd4 Nxd4 16. cxd4 Nf5 17. Nb3 a5 18. Bg4 a4 19. Bxf5 Bxf5 20. Nd2 Qb6 21.
Nf3 Ra5 22. Rad1 Rb5 23. Rd2 Rb4 24. Qf2 Re8 25. h3 Bd7 26. Kh2 Bb5 27. Rg1 Bc4
28. g4 Bxa2 29. g5 Bc4 30. f5 Rb3 31. Ne1 a3 32. bxa3 Rxa3 33. Qh4 Qb4 34. Rdg2
Bd3 35. Nxd3 Rxd3 36. g6 fxg6 37. Rg4 Ra8 38. Rf1 Qb2+ 39. Rg2 Qxd4 40. Qe7 Re3
41. fxg6 Qxe5+ 42. Qxe5 Rxe5 43. gxh7+ Kxh7 44. Rf7 Rg8 45. Rxc7 b5 46. Rb7 d4
47. Rd7 Re4 48. Rd5 Rb8 49. Rd7 Rg8 50. Rd5 Rb8 51. Rd7 1/2-1/2

[Event "SV Marbach-VfL Sindelfingen"]
[Site "?"]
[Date "2002.11.10"]
[Round "2.6"]
[White "Rabl, Joerg Steffen"]
[Black "Weisenburger, Thomas"]
[Result "1-0"]
[WhiteElo "2093"]
[BlackElo "2053"]
[PlyCount "95"]
[EventDate "2002.??.??"]

1. e4 c5 2. c3 Nf6 3. e5 Nd5 4. d4 cxd4 5. Qxd4 e6 6. Bc4 Nc6 7. Qe4 d6 8. Nf3
dxe5 9. Nxe5 Qd6 10. Bb5 Be7 11. O-O O-O 12. Bxc6 bxc6 13. Nd2 Ba6 14. Re1 c5
15. Ndc4 Qc7 16. Ng4 Nf6 17. Nxf6+ Bxf6 18. Qg4 Rad8 19. Bf4 Qb7 20. Nd6 Qxb2
21. Ne4 Kh8 22. Rab1 Qc2 23. Rbc1 Qd3 24. Re3 Qd5 25. h3 Rg8 26. Bg3 Bb7 27. f3
Be7 28. Qf4 f5 29. Ng5 Bxg5 30. Qxg5 Qd2 31. Rce1 Bd5 32. Be5 Rd7 33. h4 Qxa2
34. h5 Qd2 35. h6 a5 36. R1e2 Qd1+ 37. Kh2 a4 38. hxg7+ Rgxg7 39. Bxg7+ Rxg7
40. Qd8+ Rg8 41. Qf6+ Rg7 42. Rxe6 Bxe6 43. Rxe6 Qd7 44. Rd6 Qc7 45. Kg1 h5 46.
Rd8+ Kh7 47. Qxf5+ Kh6 48. Rh8+ 1-0

[Event "SV Marbach-VfL Sindelfingen"]
[Site "?"]
[Date "2002.11.10"]
[Round "2.7"]
[White "Cieza, Arcadio"]
[Black "Rapp, Uwe"]
[Result "1-0"]
[WhiteElo "2206"]
[BlackElo "2104"]
[PlyCount "101"]
[EventDate "2002.??.??"]

1. e4 d5 2. e5 c5 3. Bb5+ Bd7 4. a4 e6 5. Nf3 Ne7 6. O-O Ng6 7. d3 Be7 8. Re1
O-O 9. Nc3 Nc6 10. Bxc6 Bxc6 11. Ne2 d4 12. Nf4 Nxf4 13. Bxf4 Qd5 14. Re2 b6
15. Qf1 a6 16. Nd2 Qd8 17. Bg3 b5 18. a5 Rc8 19. b3 Bd5 20. f4 c4 21. bxc4 bxc4
22. f5 cxd3 23. cxd3 exf5 24. Qxf5 Rc2 25. Rf2 Qc8 26. Qxc8 Rfxc8 27. Nf3 R2c3
28. Rd2 Bxf3 29. gxf3 Bc5 30. Bf2 Rb8 31. Ra4 Rd8 32. f4 Kf8 33. Kg2 Rb3 34.
Kf3 Rb4 35. Rda2 Rdb8 36. Ke4 Ke7 37. Rxb4 Rxb4 38. Rc2 Rb5 39. Bxd4 Bxd4 40.
Kxd4 Rxa5 41. Rc7+ Ke8 42. f5 g6 43. f6 h5 44. Re7+ Kf8 45. Ra7 Ke8 46. Ke4 Ra2
47. Kd5 Kd8 48. Rxf7 Rxh2 49. e6 Re2 50. Kd6 Kc8 51. e7 1-0

[Event "SV Marbach-VfL Sindelfingen"]
[Site "?"]
[Date "2002.11.10"]
[Round "2.8"]
[White "Taxis, Hans Dieter"]
[Black "Weisenburger, Horst"]
[Result "1/2-1/2"]
[WhiteElo "1967"]
[BlackElo "2003"]
[PlyCount "52"]
[EventDate "2002.??.??"]

1. d4 f5 2. g3 g6 3. Bg2 Bg7 4. Nf3 d6 5. O-O Nf6 6. b3 O-O 7. Bb2 Qe8 8. Nbd2
h6 9. a4 g5 10. e3 Qh5 11. Ne1 Qg6 12. Nd3 Nbd7 13. Qe2 Ne4 14. f3 Nxd2 15.
Qxd2 e5 16. dxe5 Nxe5 17. Nxe5 dxe5 18. Qd5+ Qe6 19. Rfd1 Qxd5 20. Rxd5 Be6 21.
Rd2 Rfd8 22. Rad1 Rxd2 23. Rxd2 c6 24. f4 exf4 25. Bxg7 Kxg7 26. exf4 a5
1/2-1/2

[Event "Post- SV Ulm-SV Tuebingen"]
[Site "?"]
[Date "2002.11.10"]
[Round "2.1"]
[White "Roth, Juergen"]
[Black "Mueller, Ralf"]
[Result "1/2-1/2"]
[WhiteElo "2254"]
[BlackElo "2279"]
[PlyCount "115"]
[EventDate "2002.??.??"]

1. d4 Nf6 2. Nf3 g6 3. Bg5 Ne4 4. Bh4 c5 5. Nbd2 d5 6. e3 Bg7 7. Be2 Qb6 8. Rb1
Nc6 9. dxc5 Nxc5 10. O-O e5 11. e4 d4 12. Bc4 O-O 13. Bg3 Be6 14. Bd5 Rad8 15.
Bxc6 bxc6 16. Nxe5 Bxa2 17. Ra1 Qxb2 18. Nxc6 d3 19. Nxd8 Rxd8 20. Rc1 Be6 21.
cxd3 Nxd3 22. Rb1 Qa2 23. Rb8 Rxb8 24. Bxb8 h6 25. Nf3 Bc4 26. Qb1 Qxb1 27.
Rxb1 a5 28. e5 a4 29. Bd6 g5 30. Nd2 Bd5 31. Rb5 Bc6 32. Rb6 Bd7 33. Rb7 Be6
34. Ra7 Nxe5 35. Rxa4 Kh7 36. Kf1 Kg6 37. Ke2 Kh7 38. Re4 Nc6 39. Nf3 Bd5 40.
Ra4 Be6 41. Ke3 Bd5 42. h4 Kg6 43. hxg5 hxg5 44. Bc5 Bf6 45. Ra6 Kf5 46. g3 g4
47. Nd4+ Nxd4 48. Bxd4 Bg5+ 49. Kd3 Be6 50. Ra5+ Kg6 51. Ke4 Bh6 52. Be3 Bg7
53. Ra6 Bf6 54. Bd4 Bg5 55. Ra8 Bf5+ 56. Kd5 Be6+ 57. Kd6 Kf5 58. Bb6 1/2-1/2

[Event "Post- SV Ulm-SV Tuebingen"]
[Site "?"]
[Date "2002.11.10"]
[Round "2.2"]
[White "Gruber, Thomas"]
[Black "Frick, Christoph"]
[Result "0-1"]
[WhiteElo "2239"]
[BlackElo "2193"]
[PlyCount "72"]
[EventDate "2002.??.??"]

1. d4 d6 2. c4 g6 3. Nc3 Bg7 4. e4 Nc6 5. d5 Nd4 6. Be3 c5 7. Nge2 Nxe2 8. Bxe2
Nf6 9. O-O O-O 10. Qd2 Rb8 11. h3 a6 12. a4 b6 13. f4 Bd7 14. g4 Ne8 15. Bd3
Nc7 16. e5 b5 17. Ne4 bxa4 18. Ra2 Ne8 19. Qc2 Rb3 20. Bc1 Qb6 21. Qe2 Nc7 22.
Nd2 Rb4 23. Kh1 a5 24. Nf3 e6 25. dxe6 fxe6 26. Bd2 Rb3 27. Bc2 dxe5 28. Bxb3
Qxb3 29. Ra3 Qxb2 30. Rd3 Bc6 31. fxe5 Bxe5 32. Kg1 Bg7 33. Qe1 a3 34. Bc1 Qc2
35. Rxa3 Bd4+ 36. Nxd4 Qg2# 0-1

[Event "Post- SV Ulm-SV Tuebingen"]
[Site "?"]
[Date "2002.11.10"]
[Round "2.3"]
[White "Khadempour, Farhad"]
[Black "Oberst, Thomas"]
[Result "0-1"]
[WhiteElo "2168"]
[BlackElo "2227"]
[PlyCount "68"]
[EventDate "2002.??.??"]

1. c4 e5 2. Nc3 Nc6 3. Nf3 g6 4. d4 exd4 5. Nd5 Bg7 6. Bg5 Nce7 7. Nxd4 c6 8.
Nxe7 Nxe7 9. Qd2 O-O 10. e3 Re8 11. Be2 d5 12. Rd1 Qd6 13. O-O Qe5 14. Bf4 Qf6
15. b3 Be6 16. Rc1 Rad8 17. Qa5 a6 18. Rfd1 Nf5 19. Nf3 Qe7 20. c5 Bc8 21. Bd3
h6 22. h3 Qf6 23. Rc2 Rd7 24. Qb4 d4 25. g4 Nh4 26. Nxh4 Qxh4 27. Kg2 h5 28.
Bg3 Qg5 29. Be2 dxe3 30. f4 Qe7 31. Rxd7 Qxd7 32. Bf3 hxg4 33. hxg4 Qd3 34. Re2
34... Be6 {Die restlichen Zuege sind dem Erfasser unklar. Auf Nachfrage teilte
mir Schachfreund Farhad K. folgende aufschlussreiche Zuege mit: d%b le5 te1
dd7 kh3 l%l d%a dg2 kh3 lg4 tc1.} 0-1

[Event "Post- SV Ulm-SV Tuebingen"]
[Site "?"]
[Date "2002.11.10"]
[Round "2.4"]
[White "Kaiser, Dieter"]
[Black "Weber, Klaus"]
[Result "0-1"]
[WhiteElo "2280"]
[BlackElo "2138"]
[PlyCount "94"]
[EventDate "2002.??.??"]

1. c4 Nf6 2. Nc3 e5 3. e3 Nc6 4. a3 d5 5. cxd5 Nxd5 6. Nge2 Nb6 7. d3 Be7 8. b4
a6 9. Bb2 O-O 10. Nc1 Qd6 11. Be2 Qg6 12. O-O Rd8 13. Qc2 Nc4 14. Nd5 Rxd5 15.
Qxc4 Be6 16. Qc2 e4 17. f4 Bh3 18. Rf2 Bh4 19. Bf1 Bxf2+ 20. Kxf2 exd3 21. Qd2
Be6 22. Nb3 Rad8 23. Nc5 Bc8 24. e4 R5d6 25. f5 Qh5 26. Qc3 f6 27. Bxd3 Qxh2
28. Re1 Kh8 29. Re3 Ne5 30. Be2 Qf4+ 31. Kg1 Ng4 32. Bxg4 Qxg4 33. Nd3 Qd1+ 34.
Ne1 Qd2 35. Qb3 Re8 36. Kh2 Bd7 37. Nf3 Qf2 38. e5 fxe5 39. Nxe5 Rh6+ 40. Rh3
Qf4+ 41. Kg1 Rxe5 42. Bxe5 Qxe5 43. Re3 Qh2+ 44. Kf2 Bc6 45. Qd5 Qf4+ 46. Qf3
Qd4 47. Qg3 Rh4 0-1

[Event "Post- SV Ulm-SV Tuebingen"]
[Site "?"]
[Date "2002.11.10"]
[Round "2.5"]
[White "Schmidt, Olaf"]
[Black "Pieper, Thomas"]
[Result "0-1"]
[WhiteElo "2099"]
[BlackElo "2210"]
[PlyCount "69"]
[EventDate "2002.??.??"]

1. Nf3 Nf6 2. c4 g6 3. Nc3 Bg7 4. e4 d6 5. d4 O-O 6. Be2 e5 7. d5 a5 8. h4 Na6
9. Nd2 h5 10. Nf1 Nc5 11. f3 Bd7 12. Bg5 Qc8 13. Be3 a4 14. Rc1 Ne8 15. b4 axb3
16. axb3 f5 17. b4 Na4 18. Nxa4 Rxa4 19. c5 Rxb4 20. cxd6 Nxd6 21. Bc5 Rd4 22.
Bxd4 exd4 23. g4 fxe4 24. fxe4 Nxe4 25. Qb3 Bxg4 26. d6+ Be6 27. Qxe6+ Qxe6 28.
Bc4 Qxc4 29. Rxc4 c6 30. d7 Rd8 31. Rg1 Kf7 32. Nh2 Rxd7 33. Nf3 Bf6 34. Rf1
Kg7 35. Kd1 0-1